000 01218nam a2200229 i 4500
001 157082
003 ES-MaACL
005 20250824074704.0
008 000208s1852 sp |||| | spa d
100 1 _aLarra y Wetoret, Luis Mariano de,
_d1830-1901
_970289
245 1 3 _aEl amor y la moda
_b: comedia en un acto y en verso /
_coriginal de Luis Mariano de Larra.
260 _aMadrid :
_b[s.n.],
_c1852 (
_fImp. de la Viuda de Domínguez y [Imp. que fue de Operarios a cargo de F.R. del Castillo])
300 _a34 p. ;
_c20 cm.
490 1 _aEl Teatro: colección de obras dramáticas escogidas por los mejores actores
500 _aEn port.: Representada en el Teatro Español.
530 _aDisponible en formato digital.
596 _aSegunda mención de impresor y mención de serie constan en cub.
830 0 3 _aEl teatro: colección de obras dramáticas escogidas por los mejores autores
_9221609
852 _aES-MaACL
_jF-8613(1)
_z- Enc. pasta española
_q- Falto de cub. original
_z- Enc. en un vol. facticio formando parte de la col. facticia "Teatro español moderno", v. 68
856 _uhttps://archive.org/details/bub_gb_lnnK3tgIiG8C
_zInternet Archive
999 _c157082
_d157082